000 01560nam a22003977a 4500
003 CHAP
005 20220329143317.0
008 080513d2008 mx r 00110 spa d
010 _a94795
011 _a95767
035 _a106397
040 _cCHAP
090 _aTesis
100 1 _aPineda Álvarez, María del Carmen.
_988166
245 1 0 _aCaracterización y determinación de algunas propiedades de calidad alimenticia del tepejilote (Chamaedorea tepejilote) del municipio de Tezonapa, Veracruz
_c/por María del Carmen Pineda Álvarez
260 _aChapingo, Méx. :
_bEl autor,
_c2008
300 _a50 h. :
_bilus. ; gráfs. ; cuadros
502 _aTesis (Ing. Agroindustrial) -- UACH. Departamento de Ingeniería Agroindustrial
590 _aALEPH
_b10
_c20130110
_lUCH01
_h1522
590 _aBATCH-UPD
_b10
_c20130109
_lUCH01
_h2329
590 _aBATCH-UPD
_b10
_c20130110
_lUCH01
_h0502
590 _aBATCH-UPD
_b10
_c20130409
_lUCH01
_h1854
590 _aBATCH-UPD
_b10
_c20130410
_lUCH01
_h0140
590 _aBATCH-UPD
_b10
_c20130914
_lUCH01
_h0215
590 _aCONVERSION
_b10
_c20130109
_lUCH01
_h1352
650 1 4 _aAlimentos
_xAcidez.
_94160
650 1 4 _aBotánica médica.
_914680
650 1 4 _aPalmas.
_984969
650 1 4 _aPalmas
_xMercadeo.
_984978
650 1 4 _aPalmas
_xVeracruz.
_984985
650 1 4 _aProteínas en nutrición humana.
_992457
901 _aBK
942 _cFOLL
949 _aTesis
_bBC
_cTES
_d33724002041421
_eTS2
_fc.2
_gDonaciØn
_h47643
_i106397
_sb
949 _aTesis
_bBC
_cTES
_d33724002041462
_eTS1
_gDonaciØn
_h47642
_i106397
_sb
999 _c94795
_d94795